Jak číst obličeje /

Main Author: Davies, Rodney, 1941-
Language: Czech
Published: Praha : I. Železný, 2001
Edition: Vyd. 2.
Series: Jak na to (Ivo Železný)
Physical Description: 155 s. : il. ; 20 cm
Book
Saved in:
LEADER 01163nam a2200373 a 4500
001 000565611
003 CZ BrMZK
005 20090526142520.0
007 ta
008 000115s2001 xr a e p 000 0 cze
015 |a cnb002388022 
020 |a 80-237-3631-0 
040 |a BOA001  |b cze 
041 1 |a cze  |h eng 
072 7 |a 159.92  |x Vývojová psychologie. Individuální psychologie  |2 Konspekt  |9 17 
080 |a 611.92  |2 MRF 
080 |a 159.923.35  |2 MRF 
080 |a 159.925  |2 MRF 
080 |a (0.062)  |2 MRF 
100 1 |a Davies, Rodney,  |d 1941-  |7 xx0041723  |4 aut 
245 1 0 |a Jak číst obličeje /  |c Rodney Davies ; [z anglického originálu] přeložila Alena Rovenská 
250 |a Vyd. 2. 
260 |a Praha :  |b I. Železný,  |c 2001 
300 |a 155 s. :  |b il. ;  |c 20 cm 
490 1 |a Jak na to 
650 0 7 |a obličej  |7 ph117247  |2 czenas 
650 0 7 |a lidská psychika  |7 ph117220  |2 czenas 
650 0 7 |a výrazová psychologie  |7 ph117277  |2 czenas 
655 7 |a populárně-naučné publikace  |7 fd131864  |2 czenas 
765 0 |t How to read faces  |9 Česky 
830 0 |a Jak na to (Ivo Železný)  |0 s 
910 |a BOA001  |b 2-1088.130 
990 |a BK 
991 |d dopl